Sens politiques du travail (notice n° 2028039)

détails MARC
000 -LEADER
fixed length control field 01644cam a2200145 4500500
005 - DATE AND TIME OF LATEST TRANSACTION
control field 20260329082323.0
041 ## - LANGUAGE CODE
Language code of text/sound track or separate title fre
042 ## - AUTHENTICATION CODE
Authentication code dc
100 10 - MAIN ENTRY--PERSONAL NAME
Personal name Sainsaulieu, Ivan
Relator term author
245 00 - TITLE STATEMENT
Title Sens politiques du travail
260 ## - PUBLICATION, DISTRIBUTION, ETC.
Name of publisher, distributor, etc. Armand Colin,<br/>
Date of publication, distribution, etc. 2012.<br/>
520 ## - SUMMARY, ETC.
Summary, etc. Le travail a-t-il un sens politique ? La conscience ou l’engagement politique se forgent-ils au travail ? Loin d’être anodines, ces questions méritent d’être réexaminées. Les travaux sur la socialisation politique se sont en effet déconnectés des recherches sur les transformations des conditions de travail. D’où l’intérêt du présent ouvrage consacré aux sens politiques du travail, aux différentes formes de politisation dans des situations et des secteurs professionnels contrastés. Dans une perspective résolument internationale et par un dialogue constant entre la sociologie et la science politique, il montre, d’une part, comment le milieu professionnel modèle les rapports à la vie politique. Il présente, d’autre part, l’articulation des différentes dimensions du travail et du « hors travail ». Au final, l’ouvrage offre un regard plus fin sur ce qu’on considère trop rapidement comme des processus de dépolitisation, de volatilité ou d’individualisation croissante des opinions politiques. Le travail continue à configurer le sens que les individus donnent à la politique, voire à façonner des sociabilités porteuses d’action collective.
700 10 - ADDED ENTRY--PERSONAL NAME
Personal name Surdez, Muriel
Relator term author
856 41 - ELECTRONIC LOCATION AND ACCESS
Uniform Resource Identifier <a href="https://shs.cairn.info/sens-politiques-du-travail--9782200274337?lang=fr&redirect-ssocas=7080">https://shs.cairn.info/sens-politiques-du-travail--9782200274337?lang=fr&redirect-ssocas=7080</a>

Pas d'exemplaire disponible.

PLUDOC

PLUDOC est la plateforme unique et centralisée de gestion des bibliothèques physiques et numériques de Guinée administré par le CEDUST. Elle est la plus grande base de données de ressources documentaires pour les Étudiants, Enseignants chercheurs et Chercheurs de Guinée.

Adresse

627 919 101/664 919 101

25 boulevard du commerce
Kaloum, Conakry, Guinée

Réseaux sociaux

Powered by Netsen Group @ 2025